津波観測地点 - Statistics

General Stats
  • This quiz has been taken 30 times
  • The average score is 86 of 208
Answer Stats
種別 観測所 都道府県 % Correct
検潮所 稚内 宗谷
96%
検潮所 釧路 釧路
96%
検潮 根室 根室
96%
検潮所 函館 渡島
96%
検潮所 網走 オホーツク
92%
検潮 室蘭 胆振
92%
検潮 紋別 オホーツク
88%
検潮 留萌 留萌
88%
巨大津波計 留萌 留萌
88%
検潮 青森 青森
88%
検潮 久慈 岩手
88%
津波計 宮古 岩手
88%
検潮 八戸 青森
84%
検潮 秋田 秋田
84%
巨大津波計 秋田 秋田
84%
検潮 酒田 山形
84%
巨大津波計 酒田 山形
84%
検潮 横浜 神奈川
84%
検潮 浦河 日高
80%
巨大津波計 浦河 日高
80%
験潮 男鹿 秋田
80%
検潮 石巻 宮城
80%
巨大津波計 新潟 新潟
80%
検潮所 神戸 兵庫
80%
検潮所 和歌山 和歌山
80%
検潮所 長崎 長崎
80%
検潮所 大船渡 岩手
76%
巨大津波計 銚子 千葉
76%
検潮 伏木富山(新湊) 富山
76%
検潮所 富山 富山
76%
検潮 金沢 石川
76%
巨大津波計 金沢 石川
76%
巨大津波計 広島 広島
76%
験潮 広島 広島
76%
津波計 徳島由岐 徳島
76%
津波計 高知 高知
76%
検潮 唐津 佐賀
76%
験潮 佐世保 長崎
76%
津波計 小樽 後志
72%
検潮 奥尻 檜山
72%
検潮 江差 檜山
72%
験潮 奥尻 檜山
72%
巨大津波計 江差 檜山
72%
検潮所 深浦 青森
72%
験潮 釜石 岩手
72%
検潮所 高松 香川
72%
検潮所 松山 愛媛
72%
検潮 熊本 熊本
72%
検潮 宮崎 宮崎
72%
津波計 鹿児島 鹿児島
72%
検潮所 那覇 沖縄
72%
検潮 枝幸 宗谷
68%
験潮 相馬 福島
68%
巨大津波計 相馬 福島
68%
検潮所 父島二見 東京
68%
巨大津波計 八丈島八重根 東京
68%
験潮 八丈島 東京
68%
津波計 小田原 神奈川
68%
検潮所 名古屋 愛知
68%
験潮 柏崎 新潟
68%
検潮所 舞鶴 京都
68%
巨大津波計 福岡市博多 福岡
68%
験潮 大分 大分
68%
津波計 種子島熊野 鹿児島
68%
巨大津波計 宮古島平良 沖縄
68%
巨大津波計 大洗 茨城
64%
験潮 勝浦 千葉
64%
津波計 三宅島坪田 東京
64%
験潮 横須賀 神奈川
64%
検潮 下田 静岡
64%
検潮 敦賀 福井
64%
検潮所 浜田 島根
64%
検潮 宇部 山口
64%
検潮所 いわき市小名浜 福島
60%
検潮所 伊豆大島岡田 東京
60%
験潮 三宅島 東京
60%
検潮所 境港市境 鳥取
60%
津波計 宇和島 愛媛
60%
験潮 博多 福岡
60%
検潮 八代 熊本
60%
検潮 瀬棚 檜山
56%
検潮 鹿島 茨城
56%
検潮所 清水 静岡
56%
検潮 七尾 石川
56%
検潮 門司 福岡
56%
津波計 石垣島石垣港 沖縄
56%
検潮 苫小牧(白老) 胆振
52%
検潮 渡島
52%
験潮 伊東 静岡
52%
検潮所 御前崎 静岡
52%
検潮所 鳥羽 三重
52%
検潮所 尾鷲 三重
52%
験潮 広島
52%
検潮 別府 大分
52%
検潮所 枕崎 鹿児島
52%
検潮 十勝 十勝
48%
検潮 岩内 後志
48%
験潮 千葉 千葉
48%
検潮所 玉野市宇野 岡山
48%
検潮 平戸瀬戸航路 長崎
48%
津波計 与那国島久部良 沖縄
48%
検潮 仙台塩釜(仙台港区) 宮城
44%
津波計 洲本 兵庫
44%
検潮所 隠岐西郷 島根
44%
験潮 徳山 山口
44%
検潮所 土佐清水 高知
44%
検潮所 根室市花咲 根室
40%
験潮 焼津 静岡
40%
検潮所 室戸市室戸岬 高知
40%
津波計 対馬比田勝 長崎
40%
津波計 佐伯市松浦 大分
40%
検潮所 日南市油津 宮崎
40%
験潮 神津島 東京
36%
検潮 多度津 香川
36%
巨大津波計 日向市細島 宮崎
36%
検潮 苫小牧(東港) 胆振
32%
遠地津波計 南鳥島 東京
32%
験潮 三国 福井
32%
検潮 本渡瀬戸 熊本
32%
検潮 むつ小川原 青森
28%
巨大津波計 仙台港 宮城
28%
験潮 飛島 山形
28%
験潮 粟島 新潟
28%
験潮 厳原 長崎
28%
検潮 苫小牧(西港) 胆振
24%
巨大津波計 苫小牧西港 胆振
24%
巨大津波計 八戸港 青森
24%
津波計 佐渡市鷲崎 新潟
24%
験潮 海南 和歌山
24%
検潮所 小松島 徳島
24%
検潮所 福江島福江港 長崎
24%
験潮 阿久根 鹿児島
24%
験潮 名瀬 鹿児島
24%
験潮 沖縄 沖縄
24%
験潮 竜飛 青森
20%
巨大津波計 久慈港 岩手
20%
津波計 珠洲市長橋 石川
20%
津波計 御坊市祓井戸 和歌山
20%
巨大津波計 神栖市鹿島港 茨城
16%
検潮所 東京晴海 東京
16%
検潮所 沼津市内浦 静岡
16%
検潮 三河 愛知
16%
津波計 熊野市遊木 三重
16%
巨大津波計 下関市彦島弟子待 山口
16%
検潮所 口之津 長崎
16%
験潮 細島 宮崎
16%
津波計 奄美市小湊 鹿児島
16%
検潮 霧多布 釧路
12%
検潮 石狩湾新港 石狩
12%
津波計 むつ市関根浜 青森
12%
検潮所 石巻市鮎川 宮城
12%
験潮 鼠ヶ関 山形
12%
検潮所 舞阪 静岡
12%
津波計 田原市赤羽根 愛知
12%
検潮所 岬町淡輪 大阪
12%
検潮所 串本町袋港 和歌山
12%
検潮 長府 山口
12%
検潮 沓形 宗谷
8%
巨大津波計 渡島森港 渡島
8%
巨大津波計 勝浦市興津 千葉
8%
験潮 田子 静岡
8%
検潮 新潟東 新潟
8%
験潮 小木 新潟
8%
検潮所 白浜町堅田 和歌山
8%
験潮 久礼 高知
8%
検潮 苅田 福岡
8%
検潮 郷ノ浦 長崎
8%
検潮 志布志港 宮崎
8%
巨大津波計 志布志港 鹿児島
8%
験潮 忍路 後志
4%
巨大津波計 えりも町庶野 日高
4%
巨大津波計 三浦市三崎漁港 神奈川
4%
津波計 南伊豆町手石港 静岡
4%
検潮 新潟西 新潟
4%
検潮所 大阪天保山 大阪
4%
巨大津波計 豊岡市津居山 兵庫
4%
検潮 与島 香川
4%
検潮 青木 香川
4%
津波計 苓北町都呂々 熊本
4%
巨大津波計 宮崎港 宮崎
4%
験潮 西ノ表 鹿児島
4%
検潮 平良 沖縄
4%
巨大津波計 瀬棚港 檜山
0%
験潮 浅虫 青森
0%
検潮 第二海堡 千葉
0%
検潮所 館山市布良 千葉
0%
験潮 油壺 神奈川
0%
験潮 横浜新港 神奈川
0%
験潮 鬼崎 愛知
0%
検潮所 那智勝浦町浦神 和歌山
0%
験潮 田後 鳥取
0%
検潮 南風泊 山口
0%
検潮 弟子待 山口
0%
検潮 大山の鼻 山口
0%
験潮 須佐 山口
0%
検潮 来島 愛媛
0%
検潮 青浜 福岡
0%
検潮 田ノ首 福岡
0%
検潮 日明 福岡
0%
検潮 砂津 福岡
0%
験潮 仮屋 佐賀
0%
津波計 太良町大浦野崎 佐賀
0%
検潮 皇后 長崎
0%
巨大津波計 南大隅町大泊 鹿児島
0%
験潮 大泊 鹿児島
0%
験潮 中之島 鹿児島
0%
検潮 中城湾 沖縄
0%
津波計 南大東漁港 沖縄
0%
No matching quizzes found
Score Distribution
Percent of People with Each Score
Percentile by Number Answered
Your Score History
You have not taken this quiz